Statistics for Age of Empires (All) Civilizations

Click here to take the quiz!

General Stats

  • This quiz has been taken 374 times
    (38 since last reset)
  • The average score is 64 of 96

Answer Stats

Answer% Correct
Britons
90%
English
90%
English
90%
Franks
90%
Franks
90%
French
90%
Spanish
90%
Spanish
90%
Byzantines
86%
Byzantines
86%
Chinese
86%
Chinese
86%
Chinese
86%
Germans
86%
Holy Roman Empire
86%
Portuguese
86%
Portuguese
86%
Romans
86%
Romans
86%
Rus
86%
Russians
86%
Shang
86%
Slavs
86%
Teutons
86%
Yamato
86%
Aztecs
81%
Aztecs
81%
Dutch
81%
Japanese
81%
Japanese
81%
Japanese
81%
Ottomans
81%
Ottomans
81%
Turks
81%
Abbasid Dynasty
76%
Choson
76%
Delhi Sultanate
76%
Greeks
76%
Hindustanis
76%
Indians
76%
Koreans
76%
Saracens
76%
Celts
71%
Egyptians
71%
Ethiopians
71%
Ethiopians
71%
Mongols
71%
Mongols
71%
Vikings
71%
Incas
67%
Incas
67%
Italians
67%
Italians
67%
Malians
67%
Malians
67%
Mayans
67%
Persians
67%
Persians
67%
Goths
62%
Khmer
62%
Sioux
62%
Armenians
57%
Babylonians
57%
Georgians
57%
Magyars
57%
Maltese
57%
Assyrians
52%
Berbers
52%
Burgundians
52%
Huns
52%
Lac Viet
52%
Macedonians
52%
Sicilians
52%
Vietnamese
52%
Bengalis
48%
Bohemians
48%
Bulgarians
48%
Burmese
48%
Carthaginians
48%
Hittites
48%
Iroquois
48%
Lithuanians
48%
Poles
48%
Swedes
48%
United States
48%
Malay
43%
Tatars
43%
Cumans
38%
Dravidians
38%
Mexicans
38%
Phoenicians
38%
Hausa
33%
Palmyrans
33%
Sumerians
33%
Gurjaras
29%
Minoans
19%

Score Distribution

Percentile by Number Answered

Percent of People with Each Score

Your Score History

You have not taken this quiz since the last reset